000 00619cam a2200169 4500
001 WS118026
008 020517n 000 0 eng u
035 _a(Sirsi) u118026
245 _aSouth Africa Government Online
520 _aWeb site for the government of South Africa giving links to the home pages of government departments, details of provincial government and an outline of local government.
650 _aSOUTH AFRICA
650 _aINTERNATIONAL
650 _aGOVERNMENT
690 _aINTERNATIONAL-AFRICA
856 4 0 _uhttps://www.gov.za
_zView the website free of charge at www.gov.za...
942 _n0
999 _c120043
_d120043